Normal view
MARC view
Entry Topical Term
001 - CONTROL NUMBER
- control field: 14076
003 - CONTROL NUMBER IDENTIFIER
- control field: BD-RjUL
005 - DATE AND TIME OF LATEST TRANSACTION
- control field: 20241103163800.0
008 - FIXED-LENGTH DATA ELEMENTS
- fixed length control field: 241103|| aca||aabn | a|a d
040 ## - CATALOGING SOURCE
- Original cataloging agency: BD-RjUL
- Transcribing agency: BD-RjUL
150 ## - HEADING--TOPICAL TERM
- Topical term or geographic name entry element: Pests
- Form subdivision: Stored product
670 ## - SOURCE DATA FOUND
- Source citation: Work cat.: (BD-RjUL)84224: Nesa, Meherun 14075, Potentiation of cassia spp. (Fabaceae) for the control of stored product pests / , 2022